000 00442nam a2200181Ia 4500
005 20250603145342.0
008 250603s9999 xx 000 0 und d
020 _a9789785740523
050 _aKP 123 .O5/
100 _aOlomojobi, Yinka
245 0 _aMedical and Health Law-THE RIGHT TO HEALTH
260 _aLagos state
260 _bPrinceton publisher
260 _c2019
300 _a1315 p
650 _aLagos state
942 _cBK
999 _c41609
_d41609